000 00454nam a22001577a 4500
005 20251108164251.0
008 250721s1983 xx 000 0 ara d
082 1 4 _a350.76/زكي
100 1 _aغوشة، زكي راتب
245 1 0 _aأخلاقيات الوظيفة في الإدارة العامة /
264 1 _aعمان :
_bالمؤلف،
_c1983.
300 _a169ص
650 1 7 _aالإدارة العامة
942 _2ddc
_cBK
999 _c7912
_d7912